High-speed pulse techniques / (Record no. 73295)
[ view plain ]
| 000 -LEADER | |
|---|---|
| fixed length control field | 01016nam a2200313 a 4500 |
| 001 - CONTROL NUMBER | |
| control field | 73295 |
| 003 - CONTROL NUMBER IDENTIFIER | |
| rucl marc code | BD-RjUL |
| 005 - DATE AND TIME OF LATEST TRANSACTION | |
| control field | 20211209082355.0 |
| 008 - FIXED-LENGTH DATA ELEMENTS--GENERAL INFORMATION | |
| fixed length control field | 170530s1975 enka b 001 0 eng d |
| 020 ## - INTERNATIONAL STANDARD BOOK NUMBER | |
| International Standard Book Number | 0080187749 : |
| Terms of availability | £5.40. |
| International Standard Book Number | 0080187730 |
| Terms of availability | £3.50. |
| 035 ## - SYSTEM CONTROL NUMBER | |
| System control number | (BD-RjUL)73513 |
| 040 ## - CATALOGING SOURCE | |
| Original cataloging agency | DLC |
| Transcribing agency | DLC |
| Modifying agency | DLC |
| -- | BD-RjUL |
| Language of cataloging | eng |
| 041 ## - LANGUAGE CODE | |
| Language code of text/sound track or separate title | eng |
| 082 00 - DEWEY DECIMAL CLASSIFICATION NUMBER | |
| Edition number | 23 |
| Classification number | 621.381534 |
| Author mark and year | COH 1975 |
| 100 1# - MAIN ENTRY--PERSONAL NAME | |
| Personal name | Coekin, J. A. |
| 9 (RLIN) | 216799 |
| 245 10 - TITLE STATEMENT | |
| Title | High-speed pulse techniques / |
| Statement of responsibility, etc. | J. A. Coekin. |
| 250 ## - EDITION STATEMENT | |
| Edition statement | 1st ed. |
| 260 ## - PUBLICATION, DISTRIBUTION, ETC. (IMPRINT) | |
| Place of publication, distribution, etc. | Oxford ; |
| -- | New York : |
| Name of publisher, distributor, etc. | Pergamon Press, |
| Date of publication, distribution, etc. | c1975. |
| 300 ## - PHYSICAL DESCRIPTION | |
| Pagination | x, 219 p. : |
| Illustrations | ill. ; |
| Size | 22 cm. |
| 490 0# - SERIES STATEMENT | |
| Series statement | Applied electricity and electronics |
| 500 ## - GENERAL NOTE | |
| General note | Includes index. |
| 504 ## - BIBLIOGRAPHY, ETC. NOTE | |
| Bibliography, etc | Includes bibliographical references(p. 208-211) and index: |
| 650 #0 - SUBJECT ADDED ENTRY--TOPICAL TERM | |
| Topical term or geographic name as entry element | Pulse techniques (Electronics) |
| 9 (RLIN) | 165344 |
| Topical term or geographic name as entry element | Semiconductors. |
| 9 (RLIN) | 216800 |
| Topical term or geographic name as entry element | Integrated circuits. |
| 9 (RLIN) | 216801 |
| 830 ## - SERIES ADDED ENTRY--UNIFORM TITLE | |
| Uniform title | Applied electricity and electronics |
| 942 ## - ADDED ENTRY ELEMENTS (KOHA) | |
| Source of classification or shelving scheme | Dewey Decimal Classification |
| Koha item type | Books |
| Lost status | Source of classification or shelving scheme | Damaged status | Not for loan | Collection code | Permanent Location | Current Location | Shelving location | Date acquired | Source of acquisition | Cost, normal purchase price | Total Checkouts | Full call number | Date last seen | Copy number | Koha item type |
|---|---|---|---|---|---|---|---|---|---|---|---|---|---|---|---|
| Dewey Decimal Classification | Not For Loan | Non-fiction | Central Library, University of Rajshahi | Central Library, University of Rajshahi | Reading Room | 26/12/1981 | Heffers. | 9.90 | 621.381534 COH 1975 | 29/05/2017 | C-1 | Books | |||
| Dewey Decimal Classification | Non-fiction | Central Library, University of Rajshahi | Central Library, University of Rajshahi | 26/12/1981 | Heffers. | 9.90 | 621.381534 COH 1975 | 05/06/2017 | C-2 | Books |